| 000 | 00584nam a2200181Ia 4500 | ||
|---|---|---|---|
| 008 | 151202s9999||||xx |||||||||||||| ||und|| | ||
| 082 | _bPNVM-60784 | ||
| 100 | _aसामंत अनंत. | ||
| 245 | _aऑक्टोबर एण्ड. | ||
| 260 | _b"मॅजेस्टिक प्रकाशन,गिरगाव." | ||
| 260 | _c60783 | ||
| 300 | _a122 | ||
| 600 | _aसामंत अनंत. | ||
| 630 | _aऑक्टोबर एण्ड. | ||
| 700 | _aसामंत अनंत. | ||
| 730 | _aऑक्टोबर एण्ड. | ||
| 942 | _cBOOK | ||
| 999 |
_c1327318 _d1327315 |
||